|
|
|
|
| LEADER |
05626nam a22003973i 4500 |
| 001 |
EBC6733984 |
| 003 |
MiAaPQ |
| 005 |
20231204023218.0 |
| 006 |
m o d | |
| 007 |
cr cnu|||||||| |
| 008 |
231204s2015 xx o ||||0 fre d |
| 020 |
|
|
|a 9782759223367
|q (electronic bk.)
|
| 035 |
|
|
|a (MiAaPQ)EBC6733984
|
| 035 |
|
|
|a (Au-PeEL)EBL6733984
|
| 035 |
|
|
|a (OCoLC)1122751593
|
| 040 |
|
|
|a MiAaPQ
|b eng
|e rda
|e pn
|c MiAaPQ
|d MiAaPQ
|
| 100 |
1 |
|
|a Schneider, Anne.
|
| 245 |
1 |
0 |
|a Les légumineuses Pour des Systèmes Agricoles et Alimentaires Durables.
|
| 264 |
|
1 |
|a Versailles :
|b Quae,
|c 2015.
|
| 264 |
|
4 |
|c {copy}2023.
|
| 300 |
|
|
|a 1 online resource (515 pages)
|
| 336 |
|
|
|a text
|b txt
|2 rdacontent
|
| 337 |
|
|
|a computer
|b c
|2 rdamedia
|
| 338 |
|
|
|a online resource
|b cr
|2 rdacarrier
|
| 490 |
1 |
|
|a Hors Collection
|
| 505 |
0 |
|
|a Intro -- Table des matières -- Avant-propos -- Introduction -- Une approche agroécologique pour tendre plus facilement à des agrosystèmes durables -- Les enjeux de la durabilité -- La fonction d'approvisionnement de l'agriculture -- Les légumineuses comme porte d'entrée d'azote symbiotique dans les systèmes -- Penser au-delà de l'azote -- Le contexte national et le besoin d'innovations -- Analyser les spécificités des systèmes avec légumineuses -- Chapitre 1. Rôle des légumineuses dans l'agriculture française -- Mode d'exploitation des légumineuses dans les systèmes de production -- Espèces de légumineuses et variabilité génétique utilisée -- Production des légumineuses à graines -- Production des légumineuses fourragères -- Diversité d'utilisation des produits de récolte -- Le nouveau contexte -- Conclusion -- Chapitre 2. Nutrition azotée et fonctionnement agrophysiologique spécifique des légumineuses -- Qu'est-ce que la fixation symbiotique de l'azote ? -- Dynamique d'acquisition et d'allocation de l'azote en fonction de la disponibilité en nitrate -- Relations interspécifiques et nutrition azotée des légumineuses cultivées en association végétale -- Facteurs de variation de la fixation symbiotique autres que les nitrates -- Flux azotés engendrés par les cultures de légumineuses -- Autres spécificités agrophysiologiques des légumineuses (hors azote) -- Conclusion -- Chapitre 3. Performances agronomiques et gestion des légumineuses dans les systèmes de productions végétales -- Systèmes de culture avec légumineuses annuelles à graines -- Légumineuses non récoltées -- Légumineuses fourragères dans les prairies -- Conclusion -- Chapitre 4. Conséquences zootechniques de l'introduction des légumineuses françaises dans les systèmes de productions animales -- Composition des légumineuses à graines.
|
| 505 |
8 |
|
|a Utilisation des légumineuses à graines en alimentation animale -- Composition et valeur alimentaire des légumineuses fourragères -- Utilisation des légumineuses fourragères dans les rations des ruminants -- Le concentré protéique de luzerne : un ingrédient aux multiples propriétés et utilisations -- Conclusion -- Chapitre 5. Les légumineuses pour l'alimentation humaine : apports nutritionnels et effets santé, usages et perspectives -- Apports nutritionnels et effets santé des légumes secs et produits agroalimentaires issus des légumineuses -- Consommation et perceptions par le consommateur des légumes secs et produits issus de légumineuses à graines -- Conclusion -- Chapitre 6. Impacts environnementaux de l'introduction de légumineuses dans les systèmes de production -- Légumineuses dans les cycles biogéochimiques -- Flux d'azote dans les différents compartiments de l'environnement en culture de légumineuses -- Impacts et performances environnementales de la culture de légumineuses et des systèmes incluant des légumineuses -- Effets des légumineuses à l'échelle de l'exploitation agricole et du territoire -- Conclusion -- Chapitre 7. Analyses multi-enjeux et dynamiques socio-économiques des systèmes de production avec légumineuses -- Analyses multi-dimensions des systèmes de production incluant des légumineuses -- Analyse globale sur les dynamiques socio-économiques et technologiques -- Leviers mobilisables pour des systèmes plus durables avec plus de légumineuses -- Conclusion -- Conclusion générale -- Des connaissances en partie liées à un contexte français et européen -- Appréhender la complexité par des approches systémiques -- Ébaucher des recommandations -- Inciter aux changements pour des systèmes plus durables incluant des légumineuses -- Références bibliographiques -- Lexique relatif au système de culture -- Sigles et acronymes.
|
| 505 |
8 |
|
|a Liste des auteurs -- Comité de pilotage -- Coordinateurs de chapitre -- Co-auteurs de chapitre -- Remerciements aux autres contributeurs -- Remerciements aux relecteurs.
|
| 588 |
|
|
|a Description based on publisher supplied metadata and other sources.
|
| 590 |
|
|
|a Electronic reproduction. Ann Arbor, Michigan : ProQuest Ebook Central, 2023. Available via World Wide Web. Access may be limited to ProQuest Ebook Central affiliated libraries.
|
| 655 |
|
4 |
|a Electronic books.
|
| 700 |
1 |
|
|a Huyghe, Christian.
|
| 776 |
0 |
8 |
|i Print version:
|a Schneider, Anne
|t Les légumineuses Pour des Systèmes Agricoles et Alimentaires Durables
|d Versailles : Quae,c2015
|
| 797 |
2 |
|
|a ProQuest (Firm)
|
| 830 |
|
0 |
|a Hors Collection
|
| 856 |
4 |
0 |
|u https://ebookcentral.proquest.com/lib/matrademy/detail.action?docID=6733984
|z Click to View
|